Art škôlka
Enregistré dans:
| Auteur principal: | |
|---|---|
| Autres auteurs: | |
| Format: | Manuscrit Livre |
| Langue: | slovaque |
| Publié: |
Bratislava
2017
|
| Sujets: | |
| Accès en ligne: | http://is.stuba.sk/zp/portal_zp.pl?podrobnosti=111540 |
| Tags: |
Pas de tags, Soyez le premier à ajouter un tag!
|
MARC
| LEADER | 00000ntm a22000003a 4500 | ||
|---|---|---|---|
| 001 | stuzp63949 | ||
| 003 | SK-STU | ||
| 005 | 20210201080041.4 | ||
| 007 | ta | ||
| 008 | 150427s2015----xo-----f-mn---000-0-slo-d | ||
| 040 | |a STU |b slo | ||
| 041 | 0 | |a slo | |
| 100 | 1 | |a Kollárová, Denisa |u 058180 |4 aut |U FAD Fakulta architektúry |T FA Ústav architektúry občianskych budov |X 65285 |U A8180 |Y 399 |7 65285 | |
| 242 | 0 | 1 | |a Art kindergarten |y eng |
| 245 | 1 | 0 | |a Art škôlka |
| 260 | |c 2017 |a Bratislava | ||
| 650 | 4 | |a škôlka |2 slo | |
| 650 | 4 | |a priestor |2 slo | |
| 650 | 4 | |a trieda |2 slo | |
| 650 | 4 | |a space |2 eng | |
| 650 | 4 | |a kindergarten |2 eng | |
| 650 | 4 | |a classroom |2 eng | |
| 700 | 1 | |a Bátor, Jozef |u 058180 |k Z1 |4 ths |U FAD Fakulta architektúry |T FA Ústav architektúry občianskych budov |X 4810 |U A8180 |Y 399 |7 A000004810 | |
| 856 | 4 | |u http://is.stuba.sk/zp/portal_zp.pl?podrobnosti=111540 |u https://opac.crzp.sk/?fn=detailBiblioForm&sid=85D30AFD35884905429FBC4E20A9 | |